000 00402nam a2200169Ia 4500
005 20250423095038.0
008 250422s9999 xx 000 0 und d
020 _a9780140511680
050 _aPE 1591 .F35/
100 _aFergusson, Rosalind
245 0 _aDictionary of English synonyms and antonyms
260 _aLondon
260 _bPenguin
260 _c1986
300 _a442 p
942 _cBK
999 _c29074
_d29074